|
|
|
|
| LEADER |
00000nas a2200000 a 4500 |
| 001 |
ssj0000702605 |
| 003 |
WaSeSS |
| 005 |
20200512172242.0 |
| 006 |
m d |
| 007 |
cr n |
| 008 |
110209c20049999bl qx p s 0 0por c |
| 010 |
|
|
|a 2012254159
|
| 022 |
|
|
|a 1807-1600
|
| 035 |
|
|
|a (WaSeSS)ssj0000702605
|
| 040 |
|
|
|a AU@
|b eng
|c AU@
|d CUS
|d OCLCQ
|d CUS
|d OCLCQ
|d OCLCF
|d WaSeSS
|
| 042 |
|
|
|a pcc
|
| 043 |
|
|
|a s-bl---
|
| 050 |
1 |
4 |
|a Q181.A1
|
| 245 |
0 |
0 |
|a Holos
|h [electronic resource].
|
| 260 |
|
|
|a Natal, RN :
|b Instituto Federal de Educação, Ciência e Tecnologia do Rio Grande do Norte
|
| 310 |
|
|
|a Four or five issues a year
|
| 362 |
1 |
|
|a Began with: 2004?
|
| 500 |
|
|
|a "A HOLOS é uma publicação on-line do Instituto Federal de Educação, Ciência e Tecnologia do Rio Grande do Norte (IFRN) que visa divulgar a produção técnico-científica do corpo discente e docente da Instituição ..."
|
| 506 |
|
|
|a License restrictions may limit access.
|
| 588 |
|
|
|a Description based on: 2004, vol. 2; title from journal home page (publisher's Web site; viewed July 23, 2012).
|
| 588 |
|
|
|a Latest issue consulted: 2012, vol. 3 (viewed July 23, 2012).
|
| 650 |
|
0 |
|a Technology
|x Study and teaching
|x Research
|v Periodicals.
|
| 655 |
|
0 |
|a Electronic journals.
|
| 710 |
2 |
|
|a Instituto Federal de Educação, Ciência e Tecnologia do Rio Grande do Norte.
|
| 856 |
4 |
0 |
|z Full text available from Research Library: 10/01/2004 to present
|u https://search.proquest.com/publication/1356374
|